MARC

LEADER 00000nas a2200000 a 4500
001 ssj0002414
003 WaSeSS
005 20200512172242.0
006 m d
007 cr n
008 980804c19889999enkax p s 0 a0eng c
010 |a  2007233357 
016 7 |a 2008190-X  |2 DE-600 
016 7 |a 013359156  |2 Uk 
022 |a 1651-2235  |l 0891-060X  |y 0891-060X 
030 |a MEHDE6 
035 |a (WaSeSS)ssj0002414 
037 |b Co-Action Publishing, Ripvägen 7, SE-175 64 Jäfälla, Sweden 
040 |a F#A  |b eng  |c F#A  |d OCL  |d OCLCQ  |d COU  |d OCL  |d GUA  |d OCLCQ  |d HEBIS  |d DLC  |d TXA  |d LGG  |d CO3  |d CSU  |d OCLCQ  |d AU@  |d UKMGB  |d VT2  |d OCLCO  |d DYJ  |d OCLCF  |d OCLCO  |d CUS  |d OCLCO  |d CUS  |d OCLCQ  |d OCLCO  |d OCLCQ  |d DEFHM  |d OCLCO  |d OCLCA  |d DLC  |d WT2  |d WY@  |d OCLCO  |d OCLCQ  |d FQM  |d LND  |d KQW  |d CASUM  |d UAB  |d OCLCO  |d OCLCA  |d U3W  |d BUF  |d OCLCA  |d CRU  |d OCLCQ  |d TOF  |d WYU  |d LVT  |d OCLCA  |d OCLCQ  |d OCLCO  |d OCLCA  |d WaSeSS 
042 |a pcc  |a nsdp 
050 1 4 |a QR171.A1  |b M53 
060 0 0 |a W1  |b MI263G 
082 0 4 |a 616.01 
210 0 |a Microb. ecol. health dis.  |b (Online) 
222 0 |a Microbial ecology in health and disease  |b (Online) 
245 0 0 |a Microbial ecology in health and disease  |h [electronic resource]. 
246 1 3 |a Microbial ecology in health & disease 
246 1 3 |a MEHD 
260 |3 1988-1996 :  |a [Chichester, U.K.] :  |b John Wiley & Sons,  |c ©1988- 
260 2 |3 1998-1999 :  |a [Oslo, Norway] :  |b Scandinavian University Press 
260 2 |3 2000-2009 :  |a [London] :  |b Taylor & Francis, Informa Healthcare 
260 3 |3 2011- :  |a Jäfälla, Sweden :  |b Co-Action Pub. 
260 3 |3 <2017->  |a [Abingdon, England] :  |b Taylor & Francis Group 
310 |a Annual 
321 |a Frequency varies,  |b 1988-2009 
362 1 |a Began with: Vol. 1, no. 1 (Jan./Mar. 1988). 
506 |a License restrictions may limit access. 
515 |a For 1988-2009, some numbers issued in combined form. 
515 |a For 2011-, articles added consectively to current annual volume. 
515 |a No issues published in 1997 and 2010. 
538 |a Mode of access: World Wide Web. 
550 |a Official journal of the Society of Microbial Ecology in Health and Disease. 
580 |a Issues for 2011- published online only. 
588 0 |a Vol. 1, no. 1 (1988); title from PDF article header (journal site, viewed Aug. 4, 2011). 
588 1 |a Vol. 28, issue 1 (2017) (tandfonline.com viewed June 15, 2017). 
650 0 |a Human body  |x Microbiology  |v Periodicals. 
650 0 |a Microbial ecology  |v Periodicals. 
650 0 |a Medical microbiology  |v Periodicals. 
650 2 |a Ecology. 
650 2 |a Microbiology. 
650 7 |a Human body  |x Microbiology.  |2 fast  |0 (OCoLC)fst01730082 
650 7 |a Medical microbiology.  |2 fast  |0 (OCoLC)fst01014362 
650 7 |a Microbial ecology.  |2 fast  |0 (OCoLC)fst01019484 
650 7 |a Säugetiere  |2 gnd 
650 7 |a Mikroflora  |2 gnd 
650 7 |a Zeitschrift  |2 gnd 
650 7 |a Online-Ressource  |2 gnd 
655 0 |a Electronic journals. 
710 2 |a Society for Microbial Ecology and Disease. 
770 0 |t Microbial ecology in health and disease. Supplement (Online)  |x 1651-2596  |w (DLC) 2011204305  |w (OCoLC)85442694 
776 0 8 |i Print version, -2009:  |t Microbial ecology in health and disease  |x 0891-060X  |w (DLC) 88640871  |w (OCoLC)14559145 
856 4 0 |z Full text available from Research Library: 01/01/2013 to present  |u https://search.proquest.com/publication/53021